| 000 -LEADER |
| fixed length control field |
01017cam a2200253 a 4500 |
| 001 - CONTROL NUMBER |
| control field |
16214400 |
| 005 - DATE AND TIME OF LATEST TRANSACTION |
| control field |
20230425115358.0 |
| 008 - FIXED-LENGTH DATA ELEMENTS--GENERAL INFORMATION |
| fixed length control field |
100503s2017 enka b 001 0 eng |
| 020 ## - INTERNATIONAL STANDARD BOOK NUMBER |
| International Standard Book Number |
9781305271531x |
| 041 ## - LANGUAGE CODE |
| Language code of text/sound track or separate title |
eng |
| 080 ## - UNIVERSAL DECIMAL CLASSIFICATION NUMBER |
| Universal Decimal Classification number |
616.8-085.851 T-24 |
| 100 1# - MAIN ENTRY--PERSONAL NAME |
| Personal name |
Teyber, Edward. |
| 9 (RLIN) |
17774 |
| 245 10 - TITLE STATEMENT |
| Title |
Interpersonal process in therapy : |
| Remainder of title |
an integrative model / |
| Statement of responsibility, etc. |
Edward Teyber, Faith Holmes McClure. |
| 250 ## - EDITION STATEMENT |
| Edition statement |
seventh Edition |
| 264 ## - PRODUCTION, PUBLICATION, DISTRIBUTION, MANUFACTURE, AND COPYRIGHT NOTICE |
| Place of production, publication, distribution, manufacture |
Australia: |
| Name of producer, publisher, distributor, manufacturer |
Cengage, |
| Date of production, publication, distribution, manufacture, or copyright notice |
2017. |
| 300 ## - PHYSICAL DESCRIPTION |
| Extent |
408 p. : |
| Other physical details |
ill. ; |
| Dimensions |
24 cm. |
| 653 ## - INDEX TERM--UNCONTROLLED |
| keyword |
მედიცინა |
| 653 ## - INDEX TERM--UNCONTROLLED |
| keyword |
ფსიქოტერაპია |
| 700 1# - ADDED ENTRY--PERSONAL NAME |
| Personal name |
McClure, Faith H. |
| Relator term |
ავტორი |
| 9 (RLIN) |
17775 |
| 856 42 - ELECTRONIC LOCATION AND ACCESS |
| Materials specified |
Contributor biographical information |
| Uniform Resource Identifier |
http://www.loc.gov/catdir/enhancements/fy1303/2010928004-b.html |
| 856 42 - ELECTRONIC LOCATION AND ACCESS |
| Materials specified |
Publisher description |
| Uniform Resource Identifier |
http://www.loc.gov/catdir/enhancements/fy1303/2010928004-d.html |
| 856 41 - ELECTRONIC LOCATION AND ACCESS |
| Materials specified |
Table of contents only |
| Uniform Resource Identifier |
http://www.loc.gov/catdir/enhancements/fy1303/2010928004-t.html |
| 942 ## - ADDED ENTRY ELEMENTS (KOHA) |
| Source of classification or shelving scheme |
|
| Koha item type |
წიგნი |